राज्य सरकार और जनसम्पर्क / (Record no. 119133)

MARC details
000 -LEADER
fixed length control field 01540nam a22002897a 4500
005 - DATE AND TIME OF LATEST TRANSACTION
control field 20170124103127.0
010 ## - LIBRARY OF CONGRESS CONTROL NUMBER
LC control number B-081514
020 ## - INTERNATIONAL STANDARD BOOK NUMBER
Terms of availability 175.00
International Standard Book Number 8171198473
035 ## - SYSTEM CONTROL NUMBER
System control number B-081514
037 ## - SOURCE OF ACQUISITION
Source of stock number/acquisition Cen Lib/Ret
040 ## - CATALOGING SOURCE
Original cataloging agency DPL
Language of cataloging HN
082 ## - DEWEY DECIMAL CLASSIFICATION NUMBER
Classification number 302.23
Item number झाकाली
100 ## - MAIN ENTRY--PERSONAL NAME
Personal name झा, कालीदत्त
9 (RLIN) 83509
245 ## - TITLE STATEMENT
Title राज्य सरकार और जनसम्पर्क /
Statement of responsibility, etc कालीदत्त झा, रघुनाथ प्रसाद तिवारी [और] महेन्द्र मधुप ; सम्पादक वहीद अहमद क़ाज़ी
246 ## - VARYING FORM OF TITLE
Title proper/short title Rajye sarkar aur jansampark /
Remainder of title by Kalidutt Jha, Raghunath Prasad Tiwari [aur] Mahendra Madhup;sampadak Vaheed Ahmad Kazi
260 ## - PUBLICATION, DISTRIBUTION, ETC. (IMPRINT)
Name of publisher, distributor, etc राधाकृष्ण प्रकाशन
Place of publication, distribution, etc दिल्ली
Date of publication, distribution, etc 2003
270 ## - ADDRESS
City दिल्ली
Postal code 110051
Address जी-17, जगतपुरी
300 ## - PHYSICAL DESCRIPTION
Extent xvi,166पृ.
Dimensions 22सेमी(सजिल्द)
650 ## - SUBJECT ADDED ENTRY--TOPICAL TERM
Topical term or geographic name as entry element जनसंपर्क और समाचार पत्र
9 (RLIN) 83510
650 ## - SUBJECT ADDED ENTRY--TOPICAL TERM
Topical term or geographic name as entry element संचार माध्यम -- चुनाव
9 (RLIN) 3237
650 ## - SUBJECT ADDED ENTRY--TOPICAL TERM
Topical term or geographic name as entry element public relation and newspapers
9 (RLIN) 83511
650 ## - SUBJECT ADDED ENTRY--TOPICAL TERM
Topical term or geographic name as entry element Media - Elections
9 (RLIN) 83512
700 ## - ADDED ENTRY--PERSONAL NAME
Personal name क़ाज़ी, वहीद अहमद
9 (RLIN) 83513
700 ## - ADDED ENTRY--PERSONAL NAME
Personal name मधुप, महेन्द्र
9 (RLIN) 83514
700 ## - ADDED ENTRY--PERSONAL NAME
Personal name तिवारी, रघुनाथ प्रसाद
9 (RLIN) 45081
942 ## - ADDED ENTRY ELEMENTS (KOHA)
Source of classification or shelving scheme Dewey Decimal Classification
Koha item type Hindi Books
Classification part 302.23
Call number suffix झाकाली
Holdings
Withdrawn status Lost status Damaged status Not for loan Home library Current library Date acquired Source of acquisition Cost, normal purchase price Total Checkouts Full call number Barcode Date last seen Copy number Cost, replacement price Price effective from Koha item type
        Central Library Central Library 15/09/2015 Cen Lib/Ret 175.00   302.23 झाकाली B-081514 15/09/2015 1 175.00 15/09/2015 Hindi Books

© Delhi Public Library
Hit Counter
free hit counter